000 00630nam a2200217 a 4500
001 5706
003 CO-ViMGA
008 141112s2004 ck r 000 u spa d
040 _aCO-ViMGA
_bspa
_cCO-ViMGA
082 0 4 _aMEVIECAR.6424 M177m
100 1 _aMasters, Gary
_94154
245 1 0 _aMS - DOS 5 :
_bmanuales del usuario /
_cMasters Gary , King Richard Allen
260 _aBarcelona :
_bGustavo Gili,
_c1993
300 _a492 p : il
490 _aManuales de informática
590 _aDatos de inventario : 05741
650 1 4 _aDOS
650 1 4 _aLENGUAJE DE PROGRAMACION
650 1 4 _aMS - DOS 5
_94155
942 _2ddc
_cBK
999 _c17687
_d17687